000 00336nam a2200145 i 4500
001 bg
100 1 _aBARKER, J. A.
245 0 _aLattice theories of the liquid state /
_cJ.A. Barker.
260 _aOxford,
_c1963.
040 _cBPK
041 _apol
080 _a541:532
942 _cKS
008 s pl f |000 0 pol
999 _c26280
_d26280
856 _uhttp://koha.tu.koszalin.pl/cgi-bin/koha/opac-detail.pl?biblionumber=26280
_yKatalog online BPK